Juegos de razonamiento lógico: evaluación y desarrollo de las nociones de seriación, conservación y clasificación

Kaydedildi:
Detaylı Bibliyografya
Asıl Yazarlar: Chadwick Weinstein, Mariana (Yazar), Tarky, Isabel (Yazar)
Materyal Türü: Kitap
Dil:İspanyolca
Baskı/Yayın Bilgisi: Santiago Andrés Bello 2006
Edisyon:6a. ed
Konular:
Etiketler: Etiketle
Etiket eklenmemiş, İlk siz ekleyin!

MARC

LEADER 00000nam a2200000 a 4500
001 UCI9605
003 CL-VaPUC
008 081128e20060000CL |||||||||||||||||spa|d
020 |a 9561308487 
082 0 4 |a 155.4243  |b CHA  |2 21 
100 0 |a Chadwick Weinstein, Mariana  |e author  |9 533455 
700 0 |a Tarky, Isabel  |e author  |9 533456 
245 1 0 |a Juegos de razonamiento lógico: evaluación y desarrollo de las nociones de seriación, conservación y clasificación 
250 |a 6a. ed 
300 |a 255 p 
942 |c BK 
945 |d 20081128 00:00:00  |a rbrito 
260 |a Santiago  |b Andrés Bello  |c 2006 
650 7 |a RAZONAMIENTO INFANTIL  |2 CL-VaPUC  |9 310079 
650 7 |a PENSAMIENTO LOGICO  |2 CL-VaPUC  |9 310868 
650 0 |a Apresto  |9 309174 
650 7 |a MATEMATICAS RECREATIVAS  |2 CL-VaPUC  |9 269273 
650 0 |a Problemas, ejercicios, etc  |9 259377 
583 |a last modification  |c 20081128 00:00:00  |k Rodrigo Vera 
999 |c 332118  |d 332116 
952 |0 0  |1 0  |4 0  |6 155_424300000000000_CHA_2006  |7 0  |8 A  |9 419501  |a BIBEDU  |b BIBEDU  |d 2019-11-22  |i 4502094  |l 2  |m 1  |o 155.4243 CHA 2006  |p 4502094  |r 2024-05-24  |s 2024-05-14  |w 2019-11-22  |y BK  |k EBA